Normal view
MARC view
Entry Personal Name
001 - CONTROL NUMBER
- control field: 6878
003 - CONTROL NUMBER IDENTIFIER
- control field: BD-RjUL
005 - DATE AND TIME OF LATEST TRANSACTION
- control field: 20230207131022.0
008 - FIXED-LENGTH DATA ELEMENTS
- fixed length control field: 230207|| aca||aabn | a|a d
040 ## - CATALOGING SOURCE
- Original cataloging agency: BD-RjUL
- Transcribing agency: BD-RjUL
100 ## - HEADING--PERSONAL NAME
- Personal name: وجدي, فريد Wajdi, Fared
670 ## - SOURCE DATA FOUND
- Source citation: Work cat.: (BD-RjUL)81185: وجدي, فريد Wajdi, Fared, اسلام کے عالمگیر اصول Universal principles of Islam /, 1959